000 01114cab a2200325 4500
001 ABS49354
008 090401t1993 xxu||||| |||| 00| 0 eng d
035 _a(Sirsi) u70994
041 _aeng
100 _aPawlowski, M.
245 _aTenant`s remedies for condensation dampness
260 _c1993
350 _a0
490 _aEstates Gazette
_v(9335) 4 September 1993, 108-110(3)
520 _aConsiders various legal remedies available to a tenant whose premises suffer from condensation dampness.
650 _aDAMPNESS
650 _aDilapidations
_96235
650 _aENVIRONMENTAL PROTECTION ACT 1990 S79
650 _aFURNISHED ACCOMMODATION
650 _aHOUSING ACT 1985 S8
650 _aREFORM
650 _aREPAIR
650 _aPROPERTY-RESIDENTIAL PROPERTY-RESIDENTIAL LANDLORD AND TENANT-RESIDENTIAL TENANCIES
650 _aUNFIT FOR OCCUPATION
650 _aUNFURNISHED ACCOMMODATION
690 _aBUILT ENVIRONMENT-BUILDING INSPECTION
690 _aPROPERTY-RESIDENTIAL PROPERTY-RESIDENTIAL LANDLORD AND TENANT-RESIDENTIAL TENANCIES
942 _n0
948 _c04/03/1997
999 _c44730
_d44730